Analýza environmentálneho rozmeru rozvoja Slovenska

Bibliographic Details
Main Author: Spáčilová, Ružena (Author)
Format: Article
Language:Slovak
PhysicalDescription:Tab.
ISSN:0013-3035
Subjects:

MARC

LEADER 00000nab a2200000 a 4500
001 vtls000658562
003 SK-MaSNL
005 20260304092308.0
008 250425c1997 xo 0 slo
015 |a SNBRB1998/04-11103 
035 |a CLN000010754 
035 |a urn:nbn:sk:snk-ab6r96 
035 |a (uuid)d5b90a65-2038-4a5c-8217-d3d0e7dbf7d8 
035 |a (urnnbn)urn:nbn:sk:snk:ar-a05gje 
035 |a (sysno)vtls000658562 
040 |a SNKBUCL  |b slo  |c SNKBUCL  |e AACR2 
041 0 |a slo 
044 |a xo  |c SK 
080 |a 504(437.6)  |2 1997 
100 1 |a Spáčilová, Ružena  |4 aut  |9 12518 
245 1 0 |a Analýza environmentálneho rozmeru rozvoja Slovenska  |c Ružena Spáčilová 
300 |b Tab. 
504 |a Res. angl. Bibliogr. odkazy 
650 0 7 |a prostredie životné  |z Slovensko  |2 snkbucl  |9 464957 
655 7 |a články z novín a časopisov  |2 snkbucl  |9 267496 
773 0 |t Ekonomický časopis  |g Roč. 45, č. 12 (1997), s. 1051-1082  |x 0013-3035 
850 |a Slovenská národná knižnica 
852 |a Slovenská národná knižnica 
954 |a odborná, vedecká literatúra pôvodná (slovenská)  |2 lita 
958 |a article27 
958 |a NB 
958 |a SK 
958 |a OND 
958 |a EUIPO 
992 |a RBX 
999 |c 2818611  |d 2820541